000 00539nam a2200217Ia 4500
003 OSt
005 20221005120504.0
006 a|||||r|||| 00| 0
007 ta
008 221004b |||||||| |||| 00| 0 guj d
024 _a46089
037 _cTextual
040 _aCRL
_cCRL
_bguj
041 _2guj
_aguj
082 _aV2y7M92, K9
100 _aDesai Vanmala
_9629223
245 0 _aEk sadhikani jeewanyatra
650 _aHISTORY
942 _hV2y7M92, K9
_cTEXL
_2cc
999 _c1038229
_d1038229